00337nam a2200097Ia 4500008004100000082002000041100002400061245004000085260004000125650007400165211119s9999||||xx |||||||||||||| ||und|| a894.8121bVEE-C aVeerendrakumar, M P 0aChangampuzha: Vidhiyude Vettamrugam bMathrubhumi PrintingaCalicutc1998 aMalayalam LiteraturevMalayalam PoetryMalayalamxPGR-GANDHIAN STUDIES